000 00746nam a22002177a 4500
005 20210310111949.0
008 200302b sp ||||| |||| 00| 0 spa d
020 _a9788484283874
050 0 4 _aPN2053
_bB64 2017
100 1 _aBogart, Anne
240 _aA director prepares. Seven essays on art and theatre
_lEspañol
245 1 3 _aLa preparación del director
_b: Siete ensayos sobre teatro
_c/ Anne Bogart; traducción David Luque
250 _a3a ed.
260 _aBarcelona, España :
_bAlba,
_c2017
300 _a165 p. ;
_c21 cm.
490 0 _aArtes escénicas
650 7 _2lemb
_aTeatro
_xProducción y dirección
650 4 _a Creación (Literaria, artística, etc.)
700 1 _aLuque, David,
_eTraductor
942 _2lcc
_cLIB
999 _c154703
_d154701